Manual de derecho urbano

Detalles Bibliográficos
Autor principal: Henao Gonzl̀ez, Gloria
Otros Autores: Acosta M., Claudia, Hofman Quintero, Juana M.
Formato: eBook
Lenguaje:español
Publicado: Bogot:̀ Editorial Universidad de Rosario (Colombia), 2019
Materias:
Acceso en línea:Acceso restringido

MARC

LEADER 00000nam a22000007a 4500
005 20200109223525.0
007 cr|||| ||||
008 200109s2019 co |||||s|||| 00||0 spa d
020 |a 978-958-784-277-7 
035 |a 30932 
040 |a vLex 
090 |c 10103  |d 10103 
100 1 |a Henao Gonzl̀ez, Gloria 
245 1 0 |a Manual de derecho urbano  |h [Recurso electrn̤ico] /  |c Gloria Henao Gonzl̀ez, Claudia Acosta M., Juana M. Hofman Quintero 
256 |a Servicio en ln̕ea 
260 |a Bogot:̀  |b Editorial Universidad de Rosario (Colombia),  |c 2019 
300 |a 1 recurso electrn̤ico 
500 |a Desde 1997, cuando fuera aprobada la Ley de desarrollo territorial, el pas̕ ha acumulado muchas experiencias sobre las reglas que rigen el espacio urbano, sus finalidades y posibilidades. Hoy, el derecho urbano es una realidad, tal como lo muestra una dčada de formacin̤ de especialistas en la Universidad del Rosario y los ml︢tiples debates judiciales en torno a la problemt̀ica urbana y su marco regulatorio. A veinte aǫs del nuevo marco jurd̕ico y diez de formacin̤ continua de especialistas en el pas̕, la Especializacin̤ de Derecho Urbano y su cuerpo docente se propuso materializar la experiencia acumulada en este Manual de derecho urbano con el fin de contribuir a la formacin̤ de profesionales idn̤eos en esta r̀ea. La apuesta de este Manual es entregar un trabajo inďito en el pas̕ sobre la puesta en prc̀tica de la ley, sus desafo̕s y su dil̀ogo con las instancias judiciales. Con un perfil didc̀tico, esta obra contiene referencias especf̕icas jurisprudenciales contextualizadas, citas y matrices normativas. Propone una mirada articulada en funcin̤ de discusiones jurd̕icas, pero con clara utilidad de estudio y consulta. El lector tiene en sus manos el fruto de reflexiones colectivas de diez aǫs de enseąnza y formacin̤ sobre el derecho urbano, as ̕como experiencias prc̀ticas y decisiones tomadas en el m̀bito del control judicial, para la an︢ nueva y desafiante r̀ea del derecho urbano. Palabras clave: Derecho privado, ordenamiento territorial, propiedad horizontal, derecho urbano, legislacin̤, Colombia. 
506 1 |a Disponible solo en los productos indicados  |d vLex Global  |d vLex Global (Academic Edition, excluding Law Schools)  |d vLex Global (U.S. Academic Edition, Law Schools)  |d vLex Global (U.S. Academic Edition, excluding Law Schools)  |d vLex Global (Academic Edition, Law Schools) 
650 0 4 |a Derecho Civil  |z Colombia 
700 1 |a Acosta M., Claudia 
700 1 |a Hofman Quintero, Juana M. 
740 0 |a vLex Libros (Servicio en ln̕ea) 
856 4 0 |u http://vlex.com/source/manual-de-derecho-urbano-30932  |z Acceso restringido 
942 |c BOOK 
999 0 |a Civil Law